WHITAKER'S ALMANACK. (Record no. 688254)

MARC details
000 -LEADER
fixed length control field 00586nam a2200229Ia 4500
003 - CONTROL NUMBER IDENTIFIER
control field OSt
005 - DATE AND TIME OF LATEST TRANSACTION
control field 20220927104656.0
008 - FIXED-LENGTH DATA ELEMENTS--GENERAL INFORMATION
fixed length control field 220926b |||||||| |||| 00| 0 eng d
037 ## - SOURCE OF ACQUISITION
Terms of availability Reference Collections
040 ## - CATALOGING SOURCE
Original cataloging agency RTL
Transcribing agency RTL
Language of cataloging eng
041 ## - LANGUAGE CODE
Source of code eng
Language code of text/sound track or separate title eng
100 ## - MAIN ENTRY--PERSONAL NAME
Personal name Whitaker's Joseph
9 (RLIN) 366712
245 #0 - TITLE STATEMENT
Title WHITAKER'S ALMANACK.
260 ## - PUBLICATION, DISTRIBUTION, ETC.
Date of publication, distribution, etc. 1965
490 ## - SERIES STATEMENT
Volume/sequential designation 1969
942 ## - ADDED ENTRY ELEMENTS (KOHA)
Classification part "n1,M68, K5/RR"
Koha item type
Holdings
Withdrawn status Lost status Damaged status Not for loan Home library Current library Date acquired Serial Enumeration / chronology Total Checkouts Full call number Barcode Date last seen Price effective from Koha item type
        Ratan Tata Library Ratan Tata Library 2022-09-27 1969   "n1,M68 K5/RR" RT0718073 2022-09-27 2022-09-27  
Copyright @ Delhi University Library System